000 00840nam a22002417a 4500
999 _c175257
_d175257
005 20210316164614.0
010 _aENG-128356
020 _c599.00
_a9789353944377
035 _aEN-111888
037 _bDBAD/PUB
082 _a621.3191
100 _aJagatheesan, R
245 _aModern Power System Analysis with MATLAB Applications
_cby R. Jegatheesan and K.Vijayakumar,
260 _aNoida
_bPearson
_c2020
270 _a15th floor,Tower-B,Word Trade Tower,Plot no.1,Block-C sec 16,
_bNoida
_e201301
_k04466540100
_mcompanysecretary.india@pearson.com
300 _a525p.
_c23.5cm(pbk)
_bIllustrated
500 _aElectrical and Electronics Engineering
650 _aPower System Analysis
700 _aVijayakumar, K
700 _a R.Dheepika
700 _a M.Balakrishnan
942 _2ddc
_cEN
_h621.3191
_mJEG